Word Ladder: Booze Cruise Quiz Stats

Quiz Updated Dec 1, 2015

Challenge
Share
Tweet
Embed
Score 0/30 Timer 03:00
2 Plays Today
Clue 4-Letter Word % Correct
Frat party beverageBEER
99.3%
Falling stock market or grizzly animalBEAR
98.7%
Drummer keeps itBEAT
97.6%
___ but not leastLAST
96.7%
Tom Hanks' '____ Away'CAST
96.5%
Pole on a shipMAST
96.3%
Water vesselBOAT
95.5%
Layer of paintCOAT
94.1%
Price tag info.COST
93.5%
Lids to your bottleCAPS
93.3%
The 'm' in E = mc^2MASS
93%
Girl from GlasgowLASS
92.6%
Swimmer exercise unitsLAPS
92.5%
Stop marching!HALT
91.5%
24-pack of beerCASE
91.3%
Clue 4-Letter Word % Correct
Rank of 'Kirk' or 'America', abbr.CAPT
90%
LoatheHATE
88.5%
Barley ingredient in beerMALT
88.3%
Robin Sparkles hit: 'Let's Go To The ____'MALL
87.4%
The boat's frameHULL
86.1%
What Meghan Trainor is all aboutBASS
86%
Study ____HALL
85.8%
____ it over, think about itMULL
85.4%
'Military' or 'Ace of' followerBASE
82.8%
What the White Rabbit is afraid to beLATE
82.7%
Low-cal beerLITE
80.6%
Tony of 'Arrested Development' and 'Veep'HALE
79.4%
Absorbed or engrossedRAPT
72.4%
Huck Finn's boatRAFT
71.4%
Spear or axe handleHAFT
67.7%

Today's Daily Dose

Missing Word
NPR Programs

Quick Pick
1991 Events

On This Day
June 18th II

You're not logged in!

Compare scores with friends on all Sporcle quizzes.
Join for Free
OR
Log In

You Might Also Like...

Show Comments

Extras

Top Quizzes Today


Score Distribution

Your Account Isn't Verified!

In order to create a playlist on Sporcle, you need to verify the email address you used during registration. Go to your Sporcle Settings to finish the process.

Report this User

Report this user for behavior that violates our Community Guidelines.

Details: